000 00597nam a22001817a 4500
005 20170728152631.0
010 _aENG-119461
020 _a9789382749301
_c225.00
035 _aEN-102993
037 _bDBAD/PUB
082 _a881
100 _aRavi Shanker,N.
245 _aArchitacture of flesh:
_bcolection of poems by RA SH /
_cby N. Ravi Shankar
260 _aMumbai
_bPoetrywala imprint of paperwall Media & Publishing
_c2015
270 _aD1201,Octacrest,LokhandwalaTownship,Kandivali
_bMumbai
_e400101
300 _axvi,79p.
_b
_c22cm(pbk)
942 _2ddc
_cEN
_h881
_mRAV
999 _c142972
_d142972